| 000 | 01553nam a22002417a 4500 | ||
|---|---|---|---|
| 005 | 20120614112237.0 | ||
| 010 | _aB-446118-122 | ||
| 020 |
_a9780415146999 _c295.00 |
||
| 035 | _aB-446118-122 | ||
| 037 |
_adpl _bAllied Pub / ven |
||
| 082 | _a337.092 | ||
| 245 |
_aFifty Great Thinkers On The Environment / _cedited by Joy A. Palmer |
||
| 260 |
_aLondon _bRoutledge _c2004 |
||
| 270 |
_a11 New Fetter Lane _blondon |
||
| 300 |
_axiii, 321pgs _c21cm(pbk) |
||
| 942 |
_2ddc _cEN _mPAL _h337.092 |
||
| 999 |
_c67899 _d67899 |
||